Action reseacrh in education

Guardat en:
Dades bibliogràfiques
Autor principal: McAteer, Mary
Format: Llibre
Idioma:anglès
Publicat: Sage 2013
Etiquetes: Afegir etiqueta
Sense etiquetes, Sigues el primer a etiquetar aquest registre!

MARC

LEADER 00000nam a22000007a 4500
008 201207b ||||| |||| 00| 0 eng d
020 |a 9781446241066 
100 |a McAteer, Mary 
245 |a Action reseacrh in education  |c Mary McAteer  |e (Research methods in education)  |g viii,180p.ill 
260 |b Sage  |c 2013  |h Los Angeles  |i 692600  |i 692599  |l LB1028.24.M12  |m Action research in education 
500 |a Include index and references 
942 |a lcc  |c BK  |e A.R. Akinniyi  |f 7/12/2020 
952 |0 0  |1 0  |2 lcc  |4 0  |7 0  |9 108  |a HOL  |b HOL  |c LP  |d 2020-12-07  |o LB1028.24.M12  |p 2020-0073  |r 2020-12-07 00:00:00  |t 692600  |w 2020-12-07  |y BK 
952 |0 0  |1 0  |2 lcc  |4 0  |7 0  |9 109  |a HOL  |b ED  |c LP  |d 2020-12-07  |o LB1028.24.M12  |p 2020-0074  |r 2020-12-07 00:00:00  |t 692599  |w 2020-12-07  |y BK 
999 |c 36  |d 36